Communes Limitrophes d'Annecy - Statistiques

Statistiques générales
  • Ce quiz a été pris 269 fois
  • Le résultat moyen est 4 sur 17
Statistiques - réponses
Communes % Correct
Ouest Epagny-Metz-Tessy
68%
Sud-Est Sévrier
61%
Est Veyrier-du-Lac
56%
Ouest Poisy
47%
Nord Argonay
30%
Ouest Chavanod
29%
Nord Villaz
24%
Sud Quintal
20%
Nord-Ouest La Balme-de-Silingy
15%
Nord-Est Nâves-Parmelan
13%
Nord-Est Dingy-Saint-Clair
12%
Nord Cuvat
11%
Est Alex
10%
Sud-Ouest Montagny-les-Lanches
9%
Nord Fillière
8%
Sud-Ouest Chapeiry
7%
Sud Viuz-la-Chésiaz
7%
Aucun quiz correspondant
Distribution des résultats
% des personnes avec chaque résultat
Percentile par nombre de réponses
Votre historique - résultats
Vous n’avez pas pris ce quiz